Ending freeholder feudalism (Record no. 75238)
[ view plain ]
| 000 -LEADER | |
|---|---|
| fixed length control field | 01472cab a2200217 4500 |
| 001 - CONTROL NUMBER | |
| control field | L129726 |
| 008 - FIXED-LENGTH DATA ELEMENTS--GENERAL INFORMATION | |
| fixed length control field | 050516n2005 000 0 eng u |
| 035 ## - SYSTEM CONTROL NUMBER | |
| System control number | (Sirsi) u129726 |
| 041 ## - LANGUAGE CODE | |
| Language code of text/sound track or separate title | eng |
| 100 ## - MAIN ENTRY--PERSONAL NAME | |
| Personal name | Mo, Debra |
| 245 ## - TITLE STATEMENT | |
| Title | Ending freeholder feudalism |
| 260 ## - PUBLICATION, DISTRIBUTION, ETC. | |
| Date of publication, distribution, etc. | 2005 |
| 490 ## - SERIES STATEMENT | |
| Series statement | New Law Journal |
| Volume/sequential designation | 155(7174) 664-665(2) |
| 520 ## - SUMMARY, ETC. | |
| Summary, etc. | Explains how the expansion of the Leasehold Valuation Tribunal (LVT) jurisdiction under the Commonhold and Leasehold Reform Act 2002 reforms will assist in resolving service charge disputes in favour of leaseholders. Before the Housing Act 1996,service charge and related disputes came under the jurisdiction of the county court. The 1996 Act was the catalyst towards the transference of jurisdiction to the LVT. Reforms in the 2002 Act were needed to ensure the full impact of this change. Describes :the remit of the LVT; changes to the LVT; the nature of LVT decisions; and the new challenges facing LVTs. Provides a case in point relating how a LVT determined costs to leaseholders following a local authority's (unnecessary) replacement of windows to its properties as an improvement. Lists useful websites. |
| 590 ## - LOCAL NOTE (RLIN) | |
| Local note | IKA190505 |
| 650 ## - SUBJECT ADDED ENTRY--TOPICAL TERM | |
| Topical term or geographic name entry element | LEASEHOLD VALUATION TRIBUNAL |
| 650 ## - SUBJECT ADDED ENTRY--TOPICAL TERM | |
| Topical term or geographic name entry element | COMMONHOLD AND LEASEHOLD REFORM ACT 2002 |
| 650 ## - SUBJECT ADDED ENTRY--TOPICAL TERM | |
| Topical term or geographic name entry element | HOUSING ACT 1996 |
| 690 ## - LOCAL SUBJECT ADDED ENTRY--TOPICAL TERM (OCLC, RLIN) | |
| Topical term or geographic name as entry element | PROPERTY-RESIDENTIAL PROPERTY-LEASEHOLD RESIDENTIAL PROPERTY-RESIDENTIAL LANDLORD AND TENANT-RESIDENTIAL SERVICE CHARGES |
| 942 ## - ADDED ENTRY ELEMENTS (KOHA) | |
| Suppress in OPAC | 0 |
| Withdrawn status | Lost status | Source of classification or shelving scheme | Damaged status | Not for loan | Home library | Current library | Shelving location | Date acquired | Total Checkouts | Full call number | Barcode | Date last seen | Copy number | Price effective from | Koha item type |
|---|---|---|---|---|---|---|---|---|---|---|---|---|---|---|---|
| Dewey Decimal Classification | London | London | Journal article | 16/05/2005 | L129726 | 129726-1001 | 06/08/2019 | 1 | 06/08/2019 | Journal article |